000 00721cam a22002292 4500
001 0000003561
005 20151217145736.0
008 070509s xx 000 0 eng d
020 _a9966464891 :
_cKES 560
040 _aKABU
_cKABU
050 0 _aLB1051
_b.I54
100 1 _aIngule, Frank O.
_@0000153563
245 1 0 _aIntroduction to educational psychology /
_cFrank O. Ingule, Ruthie C. Rono, Phillomena W. Ndambuki.
260 _aNairobi :
_bEAEP,
_c1996.
300 _a445 p.
650 0 _aEducational psychology.
_@0000153557
700 1 _aRono, Ruthie C.
_@0000153564
700 1 _aNdambuki, Phillomena W.
_@0000153565
908 _a070509
950 _@1
999 _c2150
_d2150